000 00308nam a22001337a 4500
008 190204b xxu||||| |||| 00| 0 eng d
020 _a9781451150230
041 _aeng
080 _233rd
_a610.73
100 _a2
101 _aINF
245 _aNursing 2013 Drug Handbook
_cSchilling, J.A
942 _2udc
_cBK
999 _c53927
_d53927